Statistics for Highest Foreign Aid Recipients

Click here to take the quiz!

General Stats

  • This quiz has been taken 14,755 times
    (8,055 since last reset)
  • The average score is 13 of 20

Answer Stats

$ Received Country % Correct
1.48 bilIraq
87%
4.88 bilSyria
84%
3.16 bilIndia
82%
4.24 bilAfghanistan
82%
3.79 bilPakistan
81%
2.43 bilNigeria
77%
2.60 bilD.R. Congo
77%
3.23 bilEthiopia
75%
2.47 bilKenya
69%
2.49 bilEgypt
68%
2.57 bilBangladesh
63%
1.53 bilYemen
62%
1.67 bilSouth Sudan
61%
2.58 bilTanzania
59%
2.14 bilTurkey
59%
1.63 bilUganda
56%
3.16 bilVietnam
52%
2.15 bilJordan
52%
1.85 bilMozambique
49%
1.77 bilGhana
47%

Score Distribution

Percentile by Number Answered

Percent of People with Each Score

Your Score History

You have not taken this quiz since the last reset